000 00871nam a2200253Ia 4500
003 OSt
005 20220923211034.0
006 a|||||r|||| 00| 0
007 ta
008 Pun
020 _a8171434320 (hbk)
_c140
024 _a281,276
037 _b855, 14/08/2014, H.K. Prakashan
_cTextual
040 _aARTS
_cARTS
_bPun
041 _2Pun
_aPun
082 _aO153,2N14:g, P7
100 _aਸਿੰਘ, ਸੁਤੰਤਰ ਜੋਤ
_9157448
245 0 _aਹਰਭਜਨ ਸਿੰਘ ਦੀ ਨਾਟ ਸੰਵੇਦਨਾ
260 _aਅੰਮ੍ਰਿਤਸਰ
_b ਰਵੀ ਸਾਹਿਤ ਪ੍ਰਕਾFਨ
_c2007
300 _a136ਪੰ
_ccm.
650 _aਪੰਜਾਬੀ ਸਾਹਿਤ
942 _hO153,2N14:g, P7
_cTEXL
_2CC
999 _c294342
_d294342